000 01851nam a2200349 i 4500
001 167946
003 ES-MaACL
005 20251012212231.0
008 950127s1794 fr acf |||| |dfre d
040 _aEUS
_bspa
_cEUS
100 1 _aWinkelmann, Johann Joachim.
_9133943
245 1 0 _aHistoire de l'art chez les anciens /
_cpar Winkelmann ; traduite de l'allemand ; avec des notes historiques et critiques de differens auteurs ; tome premier.
260 _aA Paris :
_bchez H.J. Jansen et comp...,
_can II de la République Françoise... [1794]
300 _a[1], cij, 695, [1] p., XXV h. de grab. :
_bil. ;
_c4º.
505 8 _aContiene: Mémoires sur la vie et les ouvrages de Winkelmann / par M. Huber. Eloge de Winkelmann / par M. Heyne. Additions pour le premier volume.
594 _aTít. en antep.: "Oeuvres complettes de Winkelmann : tome premier"
594 _aEl trad. es Michel Huber (Larousse)
597 _aSign.: []4, a-m4, n3, A-Z4, 2A-2Z4, 3A-3Z4, 4A-4S4.
597 _aTexto con apostillas marginales.
597 _aPort. con grab. calc.
597 _aNotas a dos col.
597 _a"Additions pour le premier volume", con port. propia.
599 _aFront. calc.:"Gravé d'apres le Dessin de Salesa fait sur le tableau d'Antoine Rapahél Mengs...", representando al autor.
599 _aLas h. de grab. son grabados calcográficos.
599 _aIl. son calc., algunas a toda plana.
650 7 _aArte antiguo
_2embne
_9145358
700 1 _aHuber, Michael,
_d1727-1804
_9128060
700 1 _aHeyne, Christian-Gottlob.
_9127963
852 _aES-MaACL
_jR-3137-39
_xOlim:G-7002-7
_z-- Enc. pasta española con hierros grab.
_x-- Edic.: Las "Additions" tienen portadilla propia no port. -- El. front. calc. es un retrato del autor
999 _c167946
_d167946